Formula 1 2024 Drivers - Statistics

General Stats
  • This quiz has been taken 51 times
  • The average score is 18 of 20
Answer Stats
Team Driver % Correct
Red bull ๐Ÿ‡ณ๐Ÿ‡ฑ Max Verstappen
98%
Ferrari ๐Ÿ‡ฒ๐Ÿ‡จ Charles Leclerc
95%
Mclaren ๐Ÿ‡ฌ๐Ÿ‡ง Lando Norris
95%
Ferrari ๐Ÿ‡ช๐Ÿ‡ธ Carlos Sainz
93%
Aston Martin ๐Ÿ‡ช๐Ÿ‡ธ Fernando Alonso
93%
Mercedes ๐Ÿ‡ฌ๐Ÿ‡ง Lewis Hamilton
93%
Racing Bulls ๐Ÿ‡ฆ๐Ÿ‡บ Daniel Ricciardo
91%
Mercedes ๐Ÿ‡ฌ๐Ÿ‡ง George Russell
91%
Aston Martin ๐Ÿ‡จ๐Ÿ‡ฆ Lance Stroll
91%
Haas ๐Ÿ‡ฉ๐Ÿ‡ช Nico Hulkenberg
91%
Red bull ๐Ÿ‡ฒ๐Ÿ‡ฝ Sergio Perez
91%
Racing Bulls ๐Ÿ‡ฏ๐Ÿ‡ต Yuki Tsunoda
91%
Williams ๐Ÿ‡น๐Ÿ‡ญ Alexander Albon
89%
Alpine ๐Ÿ‡ซ๐Ÿ‡ท Esteban Ocon
89%
Mclaren ๐Ÿ‡ฆ๐Ÿ‡บ Oscar Piastri
89%
Alpine ๐Ÿ‡ซ๐Ÿ‡ท Pierre Gasly
89%
Stake ๐Ÿ‡ซ๐Ÿ‡ฎ Valtteri Bottas
89%
Stake ๐Ÿ‡จ๐Ÿ‡ณ Zhou Guanyu
89%
Williams ๐Ÿ‡บ๐Ÿ‡ธ Logan Sargeant
86%
Haas ๐Ÿ‡ฉ๐Ÿ‡ฐ Kevin Magnussen
84%
No matching quizzes found
Score Distribution
Percent of People with Each Score
Percentile by Number Answered
Your Score History
You have not taken this quiz